Study on GST and its Impact on Auditing / Tax Consultancy firm at CA Lara Dsouza, Mangalore / (Record no. 221105)

MARC details
000 -LEADER
fixed length control field 00445nam a22001337a 4500
003 - CONTROL NUMBER IDENTIFIER
control field OSt
005 - DATE AND TIME OF LATEST TRANSACTION
control field 20260129164110.0
008 - FIXED-LENGTH DATA ELEMENTS--GENERAL INFORMATION
fixed length control field 220106b ||||| |||| 00| 0 eng d
040 ## - CATALOGING SOURCE
Transcribing agency AIMIT LIBRARY
100 ## - MAIN ENTRY--PERSONAL NAME
Personal name Dsouza, Preetham Crystal; Vasantha, G.
9 (RLIN) 12614
245 ## - TITLE STATEMENT
Title Study on GST and its Impact on Auditing / Tax Consultancy firm at CA Lara Dsouza, Mangalore /
260 ## - PUBLICATION, DISTRIBUTION, ETC.
Place of publication, distribution, etc. Ranjan Dsouza Chartered Accountant
Name of publisher, distributor, etc. Vasantha G
942 ## - ADDED ENTRY ELEMENTS (KOHA)
Source of classification or shelving scheme Dewey Decimal Classification
Koha item type Project Report
Holdings
Withdrawn status Lost status Source of classification or shelving scheme Damaged status Not for loan Collection code Home library Current library Date acquired Total Checkouts Barcode Date last seen Copy number Price effective from Koha item type
    Dewey Decimal Classification   Not for loan Project Report MBA St Aloysius Institute of Management & Information Technology St Aloysius Institute of Management & Information Technology 01/06/2022   PRB01553 01/06/2022 1616146 01/06/2022 Project Report